Schools as dangerous places: a historical perspective
Schools as dangerous places : preliminary considerations / T. O'Donoghue and A. Potts -- Legal aspects of schools as dangerous places / A. Potts -- Sporting violence in Australian public schools, 1850-1914 / M. Crotty -- The abuse of children in Irish charter schools in the early 19th century /...
| Beteiligte: | ; |
|---|---|
| Medienart: | Druck Buch |
| Sprache: | Englisch |
| Veröffentlicht: |
Youngstown, N.Y
Cambria Press
c2007
|
| In: | Jahr: 2007 |
| Online-Zugang: |
Inhaltsverzeichnis Table of contents only |
| Bestand in Tübingen: | In Tübingen vorhanden. UB: KB 20 A 3293 |
| Verfügbarkeit prüfen: | HBZ Gateway |
| Subito Bestelldienst: | Jetzt bestellen. |
| Schlagwörter: |
MARC
| LEADER | 00000cam a2200000 c 4500 | ||
|---|---|---|---|
| 001 | 529947919 | ||
| 003 | DE-627 | ||
| 005 | 20251223213324.0 | ||
| 007 | tu | ||
| 008 | 070531s2007 xxu||||| 00| ||eng c | ||
| 010 | |a 2007021276 | ||
| 020 | |a 9781934043769 |c alk. paper |9 978-1-934043-76-9 | ||
| 035 | |a (DE-627)529947919 | ||
| 035 | |a (DE-576)284783773 | ||
| 035 | |a (DE-599)GBV529947919 | ||
| 035 | |a (OCoLC)137260068 | ||
| 035 | |a (OCoLC)137260068 | ||
| 040 | |a DE-627 |b ger |c DE-627 |e rakwb | ||
| 041 | |a eng | ||
| 044 | |c XD-US | ||
| 050 | 0 | |a LB3013.3 | |
| 082 | 0 | |a 371.7/82 |q LOC |2 22 | |
| 082 | 0 | |a 371.782 | |
| 084 | |a 81.23 |2 bkl | ||
| 084 | |a 81.55 |2 bkl | ||
| 084 | |a 81.31 |2 bkl | ||
| 245 | 0 | 0 | |a Schools as dangerous places |b a historical perspective |c [edited by] Anthony Potts ... |
| 263 | |a 0707 | ||
| 264 | 1 | |a Youngstown, N.Y |b Cambria Press |c c2007 | |
| 300 | |a XII, 413 S | ||
| 336 | |a Text |b txt |2 rdacontent | ||
| 337 | |a ohne Hilfsmittel zu benutzen |b n |2 rdamedia | ||
| 338 | |a Band |b nc |2 rdacarrier | ||
| 500 | |a Includes bibliographical references and index | ||
| 505 | 8 | |a Schools as dangerous places : preliminary considerations / T. O'Donoghue and A. Potts -- Legal aspects of schools as dangerous places / A. Potts -- Sporting violence in Australian public schools, 1850-1914 / M. Crotty -- The abuse of children in Irish charter schools in the early 19th century / M. Coleman -- "Illicit" sexuality and public education in Ontario, 1840-1907 / B. Curtis -- Magdalen asylums and moral regulation in Ireland / B. Titley -- Teachers and the child abuse scandals in Catholic schools / T. O'Donoghue -- Dealing with the sexual harassment of teachers in the classroom in the early 20th century / J. Jose and C. Bacchi -- The rise and fall of a significant headmaster / M.D. Prentis -- Outcasts of the Orkney (and other) Islands : abusive Scottish insular teachers, 1872-1945 / D. Limond -- Young teachers and corporal punishment in interwar elementary schools in Britain / P. Gardner -- Eugenicists, doctors, and education in Britain, 1900-1939 / R. Lowe -- Hazing in a U.S. university from 1868 to 1913 / W. Solberg -- The dismissal of a distinguished sociologist / O.F. Larson, R.M. Williams Jr., and R.C. Wimberley -- University colleges as dangerous places / A. Potts. | |
| 505 | 8 | |a Schools as dangerous places : preliminary considerations / T. O'Donoghue and A. Potts -- Legal aspects of schools as dangerous places / A. Potts -- Sporting violence in Australian public schools, 1850-1914 / M. Crotty -- The abuse of children in Irish charter schools in the early 19th century / M. Coleman -- "Illicit" sexuality and public education in Ontario, 1840-1907 / B. Curtis -- Magdalen asylums and moral regulation in Ireland / B. Titley -- Teachers and the child-abuse scandals in Catholic schools / T. O'Donoghue -- Dealing with the sexual harassment of teachers in the classroom in the early twentieth century / J. Jose and C. Bacchi -- The rise and fall of a significant headmaster / M.D. Prentis -- Outcasts of the Orkney (and other) Islands : abusive Scottish insular teachers -- 1872-1945 / D. Limond -- Young teachers and corporal punishment in inter-war elementary schools in Britain / P. Gardner -- Eugenicists, doctors, and education in Britain, 1900-1939 / R. Lowe -- Hazing in a US university from 1868 to 1913 / W. Solberg -- The dismissal of a distinguished sociologist / O.F. Larson, R.M. Williams Jr., and R.C. Wimberley -- University colleges as dangerous places / A. Potts | |
| 520 | |a Schools as dangerous places : preliminary considerations / T. O'Donoghue and A. Potts -- Legal aspects of schools as dangerous places / A. Potts -- Sporting violence in Australian public schools, 1850-1914 / M. Crotty -- The abuse of children in Irish charter schools in the early 19th century / M. Coleman -- "Illicit" sexuality and public education in Ontario, 1840-1907 / B. Curtis -- Magdalen asylums and moral regulation in Ireland / B. Titley -- Teachers and the child-abuse scandals in Catholic schools / T. O'Donoghue -- Dealing with the sexual harassment of teachers in the classroom in the early twentieth century / J. Jose and C. Bacchi -- The rise and fall of a significant headmaster / M.D. Prentis -- Outcasts of the Orkney (and other) Islands : abusive Scottish insular teachers -- 1872-1945 / D. Limond -- Young teachers and corporal punishment in inter-war elementary schools in Britain / P. Gardner -- Eugenicists, doctors, and education in Britain, 1900-1939 / R. Lowe -- Hazing in a US university from 1868 to 1913 / W. Solberg -- The dismissal of a distinguished sociologist / O.F. Larson, R.M. Williams Jr., and R.C. Wimberley -- University colleges as dangerous places / A. Potts | ||
| 583 | 1 | |a Archivierung prüfen |c 20200919 |f DE-640 |z 1 |2 pdager | |
| 650 | 0 | |a Students |x Abuse of |x History | |
| 650 | 0 | |a Child sexual abuse by teachers |x History | |
| 650 | 0 | |a Teacher-student relationships |x History | |
| 650 | 0 | |a Sexual harassment in education |x History | |
| 650 | 0 | |a School Violence |x History | |
| 655 | 7 | |a Aufsatzsammlung |0 (DE-588)4143413-4 |0 (DE-627)105605727 |0 (DE-576)209726091 |2 gnd-content | |
| 689 | 0 | 0 | |d s |0 (DE-588)4157237-3 |0 (DE-627)105502421 |0 (DE-576)209832878 |a Gewalttätigkeit |2 gnd |
| 689 | 0 | 1 | |d s |0 (DE-588)4053474-1 |0 (DE-627)104409630 |0 (DE-576)209103981 |a Schule |2 gnd |
| 689 | 0 | 2 | |a z |2 gnd |a Geschichte |
| 689 | 0 | |5 (DE-627) | |
| 689 | 1 | 0 | |d s |0 (DE-588)4053369-4 |0 (DE-627)106167367 |0 (DE-576)20910354X |a Schüler |2 gnd |
| 689 | 1 | 1 | |d s |0 (DE-588)4126865-9 |0 (DE-627)105729094 |0 (DE-576)20958873X |a Sexueller Missbrauch |2 gnd |
| 689 | 1 | |5 (DE-627) | |
| 700 | 1 | |a Potts, Anthony |d 1952- |e Hrsg. |4 edt | |
| 700 | 1 | |a O'Donoghue, T. A. |d 1953- |0 (DE-588)12043895X |0 (DE-627)393087603 |0 (DE-576)292218354 |4 oth | |
| 856 | 4 | 2 | |u http://catdir.loc.gov/catdir/toc/ecip0719/2007021276.html |x Verlag |3 Inhaltsverzeichnis |7 1 |
| 856 | 4 | 2 | |u http://www.loc.gov/catdir/toc/ecip0719/2007021276.html |x Verlag |y Table of contents only |7 1 |
| 935 | |i Blocktest | ||
| 936 | b | k | |a 81.23 |j Soziale Prozesse in Ausbildungssituationen |0 (DE-627)106422715 |
| 936 | b | k | |a 81.55 |j Schülerverhalten |j Studentenverhalten |0 (DE-627)106422782 |
| 936 | b | k | |a 81.31 |j Lehrpersonal |j Erziehungspersonal |0 (DE-627)106422723 |
| 951 | |a BO | ||
| ELC | |b 1 | ||
| LOK | |0 000 xxxxxcx a22 zn 4500 | ||
| LOK | |0 001 3185237366 | ||
| LOK | |0 003 DE-627 | ||
| LOK | |0 004 529947919 | ||
| LOK | |0 005 20081103145713 | ||
| LOK | |0 008 080808||||||||||||||||ger||||||| | ||
| LOK | |0 040 |a DE-21 |c DE-627 |d DE-21 | ||
| LOK | |0 852 |a DE-21 | ||
| LOK | |0 852 1 |c KB 20 A 3293 |9 00 | ||
| LOK | |0 935 |a krim | ||
| LOK | |0 936ln |a k4.2.2 | ||
| LOK | |0 938 |l 29/08/08 |8 6 | ||
| LOK | |0 939 |a 08-08-08 |b l01 | ||
| ORI | |a SA-MARC-krimdoka001.raw | ||
| SIG | |a UB: KB 20 A 3293 | ||
